<?xml version="1.0" encoding="UTF-8"?>
<record
    xmlns:xsi="http://www.w3.org/2001/XMLSchema-instance"
    xsi:schemaLocation="http://www.loc.gov/MARC21/slim http://www.loc.gov/standards/marcxml/schema/MARC21slim.xsd"
    xmlns="http://www.loc.gov/MARC21/slim">

  <leader>00817nas a2200241 454500</leader>
  <controlfield tag="001">25514</controlfield>
  <controlfield tag="005">20260407193506.0</controlfield>
  <controlfield tag="008">260407s2001####ag###########|||spa#d</controlfield>
  <controlfield tag="003">AR-UNSa-BCEJYS</controlfield>
  <datafield tag="040" ind1=" " ind2=" ">
    <subfield code="a">AR-UNSa-BCEJYS</subfield>
    <subfield code="b">spa</subfield>
    <subfield code="c">AR-UNSa-BCEJYS</subfield>
  </datafield>
  <datafield tag="080" ind1=" " ind2=" ">
    <subfield code="a">34</subfield>
    <subfield code="x">Derecho</subfield>
  </datafield>
  <datafield tag="245" ind1="1" ind2="0">
    <subfield code="a">Anticipo de "Anales"</subfield>
  </datafield>
  <datafield tag="264" ind1=" " ind2="1">
    <subfield code="a">Buenos Aires :</subfield>
    <subfield code="b">La Ley</subfield>
    <subfield code="c">2001</subfield>
  </datafield>
  <datafield tag="310" ind1=" " ind2=" ">
    <subfield code="a">Frecuencia: Semanal</subfield>
  </datafield>
  <datafield tag="942" ind1=" " ind2=" ">
    <subfield code="c">SER</subfield>
  </datafield>
  <datafield tag="590" ind1=" " ind2=" ">
    <subfield code="a">niveau_biblio:s niveau_hierar:1</subfield>
  </datafield>
  <datafield tag="100" ind1="1" ind2=" ">
    <subfield code="a">Academia Nacional de Derecho y Ciencias Sociales de Buenos Aires</subfield>
  </datafield>
  <datafield tag="650" ind1=" " ind2=" ">
    <subfield code="a">Derecho constitucional</subfield>
  </datafield>
  <datafield tag="650" ind1=" " ind2=" ">
    <subfield code="a">Derecho</subfield>
  </datafield>
  <datafield tag="650" ind1=" " ind2=" ">
    <subfield code="a">Historia del derecho</subfield>
  </datafield>
  <datafield tag="650" ind1=" " ind2=" ">
    <subfield code="a">Derecho internacional</subfield>
  </datafield>
  <datafield tag="856" ind1="4" ind2="1">
    <subfield code="u">https://biblioeco.unsa.edu.ar/pmb/images/revistas/Academa de Derecho y Ciencias Sociales de Buenos Aires.jpg</subfield>
    <subfield code="y">Imagen de portada</subfield>
    <subfield code="q">image/jpeg</subfield>
  </datafield>
  <datafield tag="999" ind1=" " ind2=" ">
    <subfield code="c">8590</subfield>
    <subfield code="d">8590</subfield>
  </datafield>
  <datafield tag="952" ind1=" " ind2=" ">
    <subfield code="0">0</subfield>
    <subfield code="1">0</subfield>
    <subfield code="4">0</subfield>
    <subfield code="7">0</subfield>
    <subfield code="a">BCEJYS</subfield>
    <subfield code="b">BCEJYS</subfield>
    <subfield code="c">17</subfield>
    <subfield code="d">2004-06-01</subfield>
    <subfield code="h">A&#xF1;o 49, N&#xBA; 42/6 - jun. 2004</subfield>
    <subfield code="l">0</subfield>
    <subfield code="o">H34 ANT 42/6</subfield>
    <subfield code="p">R12327</subfield>
    <subfield code="r">2026-04-10 16:08:26</subfield>
    <subfield code="w">2026-04-10</subfield>
    <subfield code="y">RN</subfield>
  </datafield>
  <datafield tag="952" ind1=" " ind2=" ">
    <subfield code="0">0</subfield>
    <subfield code="1">0</subfield>
    <subfield code="4">0</subfield>
    <subfield code="7">0</subfield>
    <subfield code="a">BCEJYS</subfield>
    <subfield code="b">BCEJYS</subfield>
    <subfield code="c">17</subfield>
    <subfield code="d">2004-05-01</subfield>
    <subfield code="h">A&#xF1;o 49, N&#xBA; 42/5 - mayo 2004</subfield>
    <subfield code="l">0</subfield>
    <subfield code="o">H34 ANT 42/5</subfield>
    <subfield code="p">R12326</subfield>
    <subfield code="r">2026-04-10 16:08:26</subfield>
    <subfield code="w">2026-04-10</subfield>
    <subfield code="y">RN</subfield>
  </datafield>
  <datafield tag="952" ind1=" " ind2=" ">
    <subfield code="0">0</subfield>
    <subfield code="1">0</subfield>
    <subfield code="4">0</subfield>
    <subfield code="7">0</subfield>
    <subfield code="a">BCEJYS</subfield>
    <subfield code="b">BCEJYS</subfield>
    <subfield code="c">17</subfield>
    <subfield code="d">2004-04-01</subfield>
    <subfield code="h">A&#xF1;o 49, N&#xBA; 42/4 - abr. 2004</subfield>
    <subfield code="l">0</subfield>
    <subfield code="o">H34 ANT 42/4</subfield>
    <subfield code="p">R12325</subfield>
    <subfield code="r">2026-04-10 16:08:26</subfield>
    <subfield code="w">2026-04-10</subfield>
    <subfield code="y">RN</subfield>
  </datafield>
  <datafield tag="952" ind1=" " ind2=" ">
    <subfield code="0">0</subfield>
    <subfield code="1">0</subfield>
    <subfield code="4">0</subfield>
    <subfield code="7">0</subfield>
    <subfield code="a">BCEJYS</subfield>
    <subfield code="b">BCEJYS</subfield>
    <subfield code="c">17</subfield>
    <subfield code="d">2003-08-01</subfield>
    <subfield code="h">A&#xF1;o 48, N&#xBA; 41/8 - ago. 2003</subfield>
    <subfield code="l">0</subfield>
    <subfield code="o">H34 ANT 41/8</subfield>
    <subfield code="p">R12324</subfield>
    <subfield code="r">2026-04-10 16:08:26</subfield>
    <subfield code="w">2026-04-10</subfield>
    <subfield code="y">RN</subfield>
  </datafield>
  <datafield tag="952" ind1=" " ind2=" ">
    <subfield code="0">0</subfield>
    <subfield code="1">0</subfield>
    <subfield code="4">0</subfield>
    <subfield code="7">0</subfield>
    <subfield code="a">BCEJYS</subfield>
    <subfield code="b">BCEJYS</subfield>
    <subfield code="c">17</subfield>
    <subfield code="d">2003-07-15</subfield>
    <subfield code="h">A&#xF1;o 48, N&#xBA; 41/7/B - jul. 2003</subfield>
    <subfield code="l">0</subfield>
    <subfield code="o">H34 ANT 41/7/B</subfield>
    <subfield code="p">R12323</subfield>
    <subfield code="r">2026-04-10 16:08:26</subfield>
    <subfield code="w">2026-04-10</subfield>
    <subfield code="y">RN</subfield>
  </datafield>
  <datafield tag="952" ind1=" " ind2=" ">
    <subfield code="0">0</subfield>
    <subfield code="1">0</subfield>
    <subfield code="4">0</subfield>
    <subfield code="7">0</subfield>
    <subfield code="a">BCEJYS</subfield>
    <subfield code="b">BCEJYS</subfield>
    <subfield code="c">17</subfield>
    <subfield code="d">2003-07-01</subfield>
    <subfield code="h">A&#xF1;o 48, N&#xBA; 41/7/A - jul. 2003</subfield>
    <subfield code="l">0</subfield>
    <subfield code="o">H34 ANT 41/7/A</subfield>
    <subfield code="p">R12322</subfield>
    <subfield code="r">2026-04-10 16:08:26</subfield>
    <subfield code="w">2026-04-10</subfield>
    <subfield code="y">RN</subfield>
  </datafield>
  <datafield tag="952" ind1=" " ind2=" ">
    <subfield code="0">0</subfield>
    <subfield code="1">0</subfield>
    <subfield code="4">0</subfield>
    <subfield code="7">0</subfield>
    <subfield code="a">BCEJYS</subfield>
    <subfield code="b">BCEJYS</subfield>
    <subfield code="c">17</subfield>
    <subfield code="d">2003-06-15</subfield>
    <subfield code="h">A&#xF1;o 48, N&#xBA; 41/6/B - jun. 2003</subfield>
    <subfield code="l">0</subfield>
    <subfield code="o">H34 ANT 41/6/B</subfield>
    <subfield code="p">R12321</subfield>
    <subfield code="r">2026-04-10 16:08:26</subfield>
    <subfield code="w">2026-04-10</subfield>
    <subfield code="y">RN</subfield>
  </datafield>
  <datafield tag="952" ind1=" " ind2=" ">
    <subfield code="0">0</subfield>
    <subfield code="1">0</subfield>
    <subfield code="4">0</subfield>
    <subfield code="7">0</subfield>
    <subfield code="a">BCEJYS</subfield>
    <subfield code="b">BCEJYS</subfield>
    <subfield code="c">17</subfield>
    <subfield code="d">2003-06-01</subfield>
    <subfield code="h">A&#xF1;o 48, N&#xBA; 41/6/A - jun. 2003</subfield>
    <subfield code="l">0</subfield>
    <subfield code="o">H34 ANT 41/6/A</subfield>
    <subfield code="p">R12320</subfield>
    <subfield code="r">2026-04-10 16:08:26</subfield>
    <subfield code="w">2026-04-10</subfield>
    <subfield code="y">RN</subfield>
  </datafield>
  <datafield tag="952" ind1=" " ind2=" ">
    <subfield code="0">0</subfield>
    <subfield code="1">0</subfield>
    <subfield code="4">0</subfield>
    <subfield code="7">0</subfield>
    <subfield code="a">BCEJYS</subfield>
    <subfield code="b">BCEJYS</subfield>
    <subfield code="c">17</subfield>
    <subfield code="d">2003-03-01</subfield>
    <subfield code="h">A&#xF1;o 47, N&#xBA; 40/3 - mar. 2003</subfield>
    <subfield code="l">0</subfield>
    <subfield code="o">H34 ANT 40/3</subfield>
    <subfield code="p">R12319</subfield>
    <subfield code="r">2026-04-10 16:08:26</subfield>
    <subfield code="w">2026-04-10</subfield>
    <subfield code="y">RN</subfield>
  </datafield>
  <datafield tag="952" ind1=" " ind2=" ">
    <subfield code="0">0</subfield>
    <subfield code="1">0</subfield>
    <subfield code="4">0</subfield>
    <subfield code="7">0</subfield>
    <subfield code="a">BCEJYS</subfield>
    <subfield code="b">BCEJYS</subfield>
    <subfield code="c">17</subfield>
    <subfield code="d">2003-02-15</subfield>
    <subfield code="h">A&#xF1;o 47, N&#xBA; 40/2/B - feb. 2003</subfield>
    <subfield code="l">0</subfield>
    <subfield code="o">H34 ANT 40/2/B</subfield>
    <subfield code="p">R12318</subfield>
    <subfield code="r">2026-04-10 16:08:26</subfield>
    <subfield code="w">2026-04-10</subfield>
    <subfield code="y">RN</subfield>
  </datafield>
  <datafield tag="952" ind1=" " ind2=" ">
    <subfield code="0">0</subfield>
    <subfield code="1">0</subfield>
    <subfield code="4">0</subfield>
    <subfield code="7">0</subfield>
    <subfield code="a">BCEJYS</subfield>
    <subfield code="b">BCEJYS</subfield>
    <subfield code="c">17</subfield>
    <subfield code="d">2003-02-01</subfield>
    <subfield code="h">A&#xF1;o 47, N&#xBA; 40/2/A - feb. 2003</subfield>
    <subfield code="l">0</subfield>
    <subfield code="o">H34 ANT 40/2/A</subfield>
    <subfield code="p">R12317</subfield>
    <subfield code="r">2026-04-10 16:08:26</subfield>
    <subfield code="w">2026-04-10</subfield>
    <subfield code="y">RN</subfield>
  </datafield>
  <datafield tag="952" ind1=" " ind2=" ">
    <subfield code="0">0</subfield>
    <subfield code="1">0</subfield>
    <subfield code="4">0</subfield>
    <subfield code="7">0</subfield>
    <subfield code="a">BCEJYS</subfield>
    <subfield code="b">BCEJYS</subfield>
    <subfield code="c">17</subfield>
    <subfield code="d">2002-12-15</subfield>
    <subfield code="h">A&#xF1;o 47, N&#xBA; 40/12/B - dic. 2002</subfield>
    <subfield code="l">0</subfield>
    <subfield code="o">H34 ANT 40/12/B</subfield>
    <subfield code="p">R12316</subfield>
    <subfield code="r">2026-04-10 16:08:26</subfield>
    <subfield code="w">2026-04-10</subfield>
    <subfield code="y">RN</subfield>
  </datafield>
  <datafield tag="952" ind1=" " ind2=" ">
    <subfield code="0">0</subfield>
    <subfield code="1">0</subfield>
    <subfield code="4">0</subfield>
    <subfield code="7">0</subfield>
    <subfield code="a">BCEJYS</subfield>
    <subfield code="b">BCEJYS</subfield>
    <subfield code="c">17</subfield>
    <subfield code="d">2002-12-01</subfield>
    <subfield code="h">A&#xF1;o 47, N&#xBA; 40/12/A - dic. 2002</subfield>
    <subfield code="l">0</subfield>
    <subfield code="o">H34 ANT 40/12/A</subfield>
    <subfield code="p">R12315</subfield>
    <subfield code="r">2026-04-10 16:08:26</subfield>
    <subfield code="w">2026-04-10</subfield>
    <subfield code="y">RN</subfield>
  </datafield>
  <datafield tag="952" ind1=" " ind2=" ">
    <subfield code="0">0</subfield>
    <subfield code="1">0</subfield>
    <subfield code="4">0</subfield>
    <subfield code="7">0</subfield>
    <subfield code="a">BCEJYS</subfield>
    <subfield code="b">BCEJYS</subfield>
    <subfield code="c">17</subfield>
    <subfield code="d">2002-10-01</subfield>
    <subfield code="h">A&#xF1;o 47, N&#xBA; 40/10 - oct. 2002</subfield>
    <subfield code="l">0</subfield>
    <subfield code="o">H34 ANT 40/10</subfield>
    <subfield code="p">R12314</subfield>
    <subfield code="r">2026-04-10 16:08:26</subfield>
    <subfield code="w">2026-04-10</subfield>
    <subfield code="y">RN</subfield>
  </datafield>
  <datafield tag="952" ind1=" " ind2=" ">
    <subfield code="0">0</subfield>
    <subfield code="1">0</subfield>
    <subfield code="4">0</subfield>
    <subfield code="7">0</subfield>
    <subfield code="a">BCEJYS</subfield>
    <subfield code="b">BCEJYS</subfield>
    <subfield code="c">17</subfield>
    <subfield code="d">2002-09-01</subfield>
    <subfield code="h">A&#xF1;o 47, N&#xBA; 40/9 - sep. 2002</subfield>
    <subfield code="l">0</subfield>
    <subfield code="o">H34 ANT 40/9</subfield>
    <subfield code="p">R12313</subfield>
    <subfield code="r">2026-04-10 16:08:26</subfield>
    <subfield code="w">2026-04-10</subfield>
    <subfield code="y">RN</subfield>
  </datafield>
  <datafield tag="952" ind1=" " ind2=" ">
    <subfield code="0">0</subfield>
    <subfield code="1">0</subfield>
    <subfield code="4">0</subfield>
    <subfield code="7">0</subfield>
    <subfield code="a">BCEJYS</subfield>
    <subfield code="b">BCEJYS</subfield>
    <subfield code="c">17</subfield>
    <subfield code="d">2002-08-01</subfield>
    <subfield code="h">A&#xF1;o 47, N&#xBA; 40/8 - ago. 2002</subfield>
    <subfield code="l">0</subfield>
    <subfield code="o">H34 ANT 40/8</subfield>
    <subfield code="p">R12312</subfield>
    <subfield code="r">2026-04-10 16:08:26</subfield>
    <subfield code="w">2026-04-10</subfield>
    <subfield code="y">RN</subfield>
  </datafield>
  <datafield tag="952" ind1=" " ind2=" ">
    <subfield code="0">0</subfield>
    <subfield code="1">0</subfield>
    <subfield code="4">0</subfield>
    <subfield code="7">0</subfield>
    <subfield code="a">BCEJYS</subfield>
    <subfield code="b">BCEJYS</subfield>
    <subfield code="c">17</subfield>
    <subfield code="d">2002-07-01</subfield>
    <subfield code="h">A&#xF1;o 47, N&#xBA; 40/7 - jul. 2002</subfield>
    <subfield code="l">0</subfield>
    <subfield code="o">H34 ANT 40/7</subfield>
    <subfield code="p">R12311</subfield>
    <subfield code="r">2026-04-10 16:08:26</subfield>
    <subfield code="w">2026-04-10</subfield>
    <subfield code="y">RN</subfield>
  </datafield>
  <datafield tag="952" ind1=" " ind2=" ">
    <subfield code="0">0</subfield>
    <subfield code="1">0</subfield>
    <subfield code="4">0</subfield>
    <subfield code="7">0</subfield>
    <subfield code="a">BCEJYS</subfield>
    <subfield code="b">BCEJYS</subfield>
    <subfield code="c">17</subfield>
    <subfield code="d">2002-06-01</subfield>
    <subfield code="h">A&#xF1;o 47, N&#xBA; 40/6 - jun. 2002</subfield>
    <subfield code="l">0</subfield>
    <subfield code="o">H34 ANT 40/6</subfield>
    <subfield code="p">R12310</subfield>
    <subfield code="r">2026-04-10 16:08:26</subfield>
    <subfield code="w">2026-04-10</subfield>
    <subfield code="y">RN</subfield>
  </datafield>
  <datafield tag="952" ind1=" " ind2=" ">
    <subfield code="0">0</subfield>
    <subfield code="1">0</subfield>
    <subfield code="4">0</subfield>
    <subfield code="7">0</subfield>
    <subfield code="a">BCEJYS</subfield>
    <subfield code="b">BCEJYS</subfield>
    <subfield code="c">17</subfield>
    <subfield code="d">2002-04-25</subfield>
    <subfield code="h">A&#xF1;o 46, N&#xBA; 39/4/C - abr. 2002</subfield>
    <subfield code="l">0</subfield>
    <subfield code="o">H34 ANT 39/4/C</subfield>
    <subfield code="p">R12309</subfield>
    <subfield code="r">2026-04-10 16:08:26</subfield>
    <subfield code="w">2026-04-10</subfield>
    <subfield code="y">RN</subfield>
  </datafield>
  <datafield tag="952" ind1=" " ind2=" ">
    <subfield code="0">0</subfield>
    <subfield code="1">0</subfield>
    <subfield code="4">0</subfield>
    <subfield code="7">0</subfield>
    <subfield code="a">BCEJYS</subfield>
    <subfield code="b">BCEJYS</subfield>
    <subfield code="c">17</subfield>
    <subfield code="d">2002-04-15</subfield>
    <subfield code="h">A&#xF1;o 46, N&#xBA; 39/4/B - abr. 2002</subfield>
    <subfield code="l">0</subfield>
    <subfield code="o">H34 ANT 39/4/B</subfield>
    <subfield code="p">R12308</subfield>
    <subfield code="r">2026-04-10 16:08:26</subfield>
    <subfield code="w">2026-04-10</subfield>
    <subfield code="y">RN</subfield>
  </datafield>
  <datafield tag="952" ind1=" " ind2=" ">
    <subfield code="0">0</subfield>
    <subfield code="1">0</subfield>
    <subfield code="4">0</subfield>
    <subfield code="7">0</subfield>
    <subfield code="a">BCEJYS</subfield>
    <subfield code="b">BCEJYS</subfield>
    <subfield code="c">17</subfield>
    <subfield code="d">2002-04-01</subfield>
    <subfield code="h">A&#xF1;o 46, N&#xBA; 39/4/A - abr. 2002</subfield>
    <subfield code="l">0</subfield>
    <subfield code="o">H34 ANT 39/4/A</subfield>
    <subfield code="p">R12307</subfield>
    <subfield code="r">2026-04-10 16:08:26</subfield>
    <subfield code="w">2026-04-10</subfield>
    <subfield code="y">RN</subfield>
  </datafield>
  <datafield tag="952" ind1=" " ind2=" ">
    <subfield code="0">0</subfield>
    <subfield code="1">0</subfield>
    <subfield code="4">0</subfield>
    <subfield code="7">0</subfield>
    <subfield code="a">BCEJYS</subfield>
    <subfield code="b">BCEJYS</subfield>
    <subfield code="c">17</subfield>
    <subfield code="d">2002-03-15</subfield>
    <subfield code="h">A&#xF1;o 46, N&#xBA; 39/3/B - mar. 2002</subfield>
    <subfield code="l">0</subfield>
    <subfield code="o">H34 ANT 39/3/B</subfield>
    <subfield code="p">R12306</subfield>
    <subfield code="r">2026-04-10 16:08:26</subfield>
    <subfield code="w">2026-04-10</subfield>
    <subfield code="y">RN</subfield>
  </datafield>
  <datafield tag="952" ind1=" " ind2=" ">
    <subfield code="0">0</subfield>
    <subfield code="1">0</subfield>
    <subfield code="4">0</subfield>
    <subfield code="7">0</subfield>
    <subfield code="a">BCEJYS</subfield>
    <subfield code="b">BCEJYS</subfield>
    <subfield code="c">17</subfield>
    <subfield code="d">2002-03-01</subfield>
    <subfield code="h">A&#xF1;o 46, N&#xBA; 39/3/A - mar. 2002</subfield>
    <subfield code="l">0</subfield>
    <subfield code="o">H34 ANT 39/3/A</subfield>
    <subfield code="p">R12304</subfield>
    <subfield code="r">2026-04-10 16:08:26</subfield>
    <subfield code="w">2026-04-10</subfield>
    <subfield code="y">RN</subfield>
  </datafield>
  <datafield tag="952" ind1=" " ind2=" ">
    <subfield code="0">0</subfield>
    <subfield code="1">0</subfield>
    <subfield code="4">0</subfield>
    <subfield code="7">0</subfield>
    <subfield code="a">BCEJYS</subfield>
    <subfield code="b">BCEJYS</subfield>
    <subfield code="c">17</subfield>
    <subfield code="d">2002-02-01</subfield>
    <subfield code="h">A&#xF1;o 46, N&#xBA; 39/2 - feb. 2002</subfield>
    <subfield code="l">0</subfield>
    <subfield code="o">H34 ANT 39/2</subfield>
    <subfield code="p">R12305</subfield>
    <subfield code="r">2026-04-10 16:08:26</subfield>
    <subfield code="w">2026-04-10</subfield>
    <subfield code="y">RN</subfield>
  </datafield>
  <datafield tag="952" ind1=" " ind2=" ">
    <subfield code="0">0</subfield>
    <subfield code="1">0</subfield>
    <subfield code="4">0</subfield>
    <subfield code="7">0</subfield>
    <subfield code="a">BCEJYS</subfield>
    <subfield code="b">BCEJYS</subfield>
    <subfield code="c">17</subfield>
    <subfield code="d">2001-12-01</subfield>
    <subfield code="h">A&#xF1;o 46, N&#xBA; 39/12 - dic. 2001</subfield>
    <subfield code="l">0</subfield>
    <subfield code="o">H34 ANT 39/12</subfield>
    <subfield code="p">R12303</subfield>
    <subfield code="r">2026-04-10 16:08:26</subfield>
    <subfield code="w">2026-04-10</subfield>
    <subfield code="y">RN</subfield>
  </datafield>
  <datafield tag="952" ind1=" " ind2=" ">
    <subfield code="0">0</subfield>
    <subfield code="1">0</subfield>
    <subfield code="4">0</subfield>
    <subfield code="7">0</subfield>
    <subfield code="a">BCEJYS</subfield>
    <subfield code="b">BCEJYS</subfield>
    <subfield code="c">17</subfield>
    <subfield code="d">2001-11-30</subfield>
    <subfield code="h">A&#xF1;o 46, N&#xBA; 39/11/C - nov. 2001</subfield>
    <subfield code="l">0</subfield>
    <subfield code="o">H34 ANT 39/11/C</subfield>
    <subfield code="p">R20347</subfield>
    <subfield code="r">2026-04-10 16:08:26</subfield>
    <subfield code="w">2026-04-10</subfield>
    <subfield code="y">RN</subfield>
  </datafield>
  <datafield tag="952" ind1=" " ind2=" ">
    <subfield code="0">0</subfield>
    <subfield code="1">0</subfield>
    <subfield code="4">0</subfield>
    <subfield code="7">0</subfield>
    <subfield code="a">BCEJYS</subfield>
    <subfield code="b">BCEJYS</subfield>
    <subfield code="c">17</subfield>
    <subfield code="d">2001-11-15</subfield>
    <subfield code="h">A&#xF1;o 46, N&#xBA; 39/11/B - nov. 2001</subfield>
    <subfield code="l">0</subfield>
    <subfield code="o">H34 ANT 39/11/B</subfield>
    <subfield code="p">R12302</subfield>
    <subfield code="r">2026-04-10 16:08:26</subfield>
    <subfield code="w">2026-04-10</subfield>
    <subfield code="y">RN</subfield>
  </datafield>
  <datafield tag="952" ind1=" " ind2=" ">
    <subfield code="0">0</subfield>
    <subfield code="1">0</subfield>
    <subfield code="4">0</subfield>
    <subfield code="7">0</subfield>
    <subfield code="a">BCEJYS</subfield>
    <subfield code="b">BCEJYS</subfield>
    <subfield code="c">17</subfield>
    <subfield code="d">2001-11-01</subfield>
    <subfield code="h">A&#xF1;o 46, N&#xBA; 39/11/A - nov. 2001</subfield>
    <subfield code="l">0</subfield>
    <subfield code="o">H34 ANT 39/11/A</subfield>
    <subfield code="p">R12301</subfield>
    <subfield code="r">2026-04-10 16:08:26</subfield>
    <subfield code="w">2026-04-10</subfield>
    <subfield code="y">RN</subfield>
  </datafield>
  <datafield tag="952" ind1=" " ind2=" ">
    <subfield code="0">0</subfield>
    <subfield code="1">0</subfield>
    <subfield code="4">0</subfield>
    <subfield code="7">0</subfield>
    <subfield code="a">BCEJYS</subfield>
    <subfield code="b">BCEJYS</subfield>
    <subfield code="c">17</subfield>
    <subfield code="d">2001-10-01</subfield>
    <subfield code="h">A&#xF1;o 46, N&#xBA; 39/10 - oct. 2001</subfield>
    <subfield code="l">0</subfield>
    <subfield code="o">H34 ANT 39/10</subfield>
    <subfield code="p">R12300</subfield>
    <subfield code="r">2026-04-10 16:08:26</subfield>
    <subfield code="w">2026-04-10</subfield>
    <subfield code="y">RN</subfield>
  </datafield>
  <datafield tag="952" ind1=" " ind2=" ">
    <subfield code="0">0</subfield>
    <subfield code="1">0</subfield>
    <subfield code="4">0</subfield>
    <subfield code="7">0</subfield>
    <subfield code="a">BCEJYS</subfield>
    <subfield code="b">BCEJYS</subfield>
    <subfield code="c">17</subfield>
    <subfield code="d">2001-09-01</subfield>
    <subfield code="h">A&#xF1;o 46, N&#xBA; 39/9 - sep. 2001</subfield>
    <subfield code="l">0</subfield>
    <subfield code="o">H34 ANT 39/9</subfield>
    <subfield code="p">R12296</subfield>
    <subfield code="r">2026-04-10 16:08:26</subfield>
    <subfield code="w">2026-04-10</subfield>
    <subfield code="y">RN</subfield>
  </datafield>
  <datafield tag="952" ind1=" " ind2=" ">
    <subfield code="0">0</subfield>
    <subfield code="1">0</subfield>
    <subfield code="4">0</subfield>
    <subfield code="7">0</subfield>
    <subfield code="a">BCEJYS</subfield>
    <subfield code="b">BCEJYS</subfield>
    <subfield code="c">17</subfield>
    <subfield code="d">2001-08-01</subfield>
    <subfield code="h">A&#xF1;o 46, N&#xBA; 39/8 - ago. 2001</subfield>
    <subfield code="l">0</subfield>
    <subfield code="o">H34 ANT 39/8</subfield>
    <subfield code="p">R20346</subfield>
    <subfield code="r">2026-04-10 16:08:26</subfield>
    <subfield code="w">2026-04-10</subfield>
    <subfield code="y">RN</subfield>
  </datafield>
</record>
